Dos novelas /
Kaydedildi:
| Yazar: | |
|---|---|
| Materyal Türü: | Bilinmiyor |
| Dil: | Spanish |
| Baskı/Yayın Bilgisi: |
La Habana, Cuba :
Editorial Arte y Literatura,
1975.
|
| Seri Bilgileri: | (Biblioteca Básica de Literatura Cubana)
|
| Konular: | |
| Etiketler: |
Etiketle
Etiket eklenmemiş, İlk siz ekleyin!
|
MARC
| LEADER | 000000000a22000000004500 | ||
|---|---|---|---|
| 001 | 002472 | ||
| 041 | 0 | |a spa | |
| 082 | 0 | 4 | |a Cu863.4 |b E59d |
| 100 | 1 | |a Enríquez, Carlos | |
| 245 | 1 | 0 | |a Dos novelas / |c Carlos Enríquez. |
| 260 | 1 | |a La Habana, Cuba : |b Editorial Arte y Literatura, |c 1975. | |
| 300 | |a 420 páginas ; |c 20 cm. | ||
| 490 | 1 | |a (Biblioteca Básica de Literatura Cubana) | |
| 505 | |a Contenido: Tilín García / La vuelta de Chencho | ||
| 650 | 4 | |a LITERATURA CUBANA | |
| 650 | 4 | |a NOVELA | |
| 999 | |c 8905 |d 8905 | ||
| 942 | |c BK |h Cu863.4 E59d |2 z | ||
